• 首页
  • 本馆介绍
  • 公告通知
  • 最新文献
  • 馆藏检索
  • 电子资源
  • 读者导购
  • 参考咨询
  • 我的图书馆
  • 登录
  • 详细信息显示
  • 放入我的书架
  • 预约/预借图书
  • 作者相关作品
  • 分类相关作品
  • 丛书相关作品
  • 出版社相关作品

书目信息

  • 表格格式
  • 工作单格式
  • 卡片格式
题名:
群己权界论
    
 
作者: 穆勒 著 ;严复 译
分册:  
出版信息: 北京   商务印书馆  1981.10
页数: 119页
开本: 21cm
丛书名: 严译名著丛刊
单 册:
中图分类: C910
科图分类:
主题词: 社会学
电子资源:
ISBN:
000 00642nam0 2200241 45
001 0404201499
005 20040420143020.2
010    @dCNY0.88
091    @a3017.312
100    @a20040420d1981 km y0chiy0120 ea
101 0  @achi
105    @a z 000yy
200 1  @a群己权界论@AQun Ji Quan Jie Lun@f(英)约翰·穆勒著@F(Ying)Yue Han·Mu Le Zhu@g严复译
210    @a北京@c商务印书馆@d1981.10
215    @a119页@d21cm
225    @a严译名著丛刊
410    @12001 @a严译名著丛刊
606 0  @a社会学
690    @aC910@v3
701  0 @a穆勒@4著
702  0 @a严复@AYan Fu@4译
801    @aCN@bPftUser@c20040420
905    @f1@b59680@dC910@e6
    
    群己权界论/(英)约翰·穆勒著/严复译.-北京:商务印书馆,1981.10
    119页;21cm.-(严译名著丛刊)
    
    
    ISBN :CNY0.88
    
●
相关链接 在E读中查询图书 在五车中查询图书 在当当中查询图书 在豆瓣中查询图书


正题名:群己权界论     索取号:C910/6         预约/预借

序号 登录号 条形码 馆藏地/架位号 状态 备注
1 0059679   001853667   密集书库/ [索取号:C910/6] 在馆    
2 0059680   000365580   第一样本阅览室/ [索取号:C910/6] 在馆    
唐山师范学院图书馆 欢迎您!
大连网信软件有限公司© 版权所有